Biologicky aktívne látky rakytníka rešetliakového a ich použitie v kozmetických prípravkoch

Gespeichert in:
Bibliographische Detailangaben
1. Verfasser: Lendelová, Aneta (Verfasst von)
Weitere Verfasser: Kreps, František (Betreuung Doktorarbeit)
Format: Manuskript Buch
Sprache:Slowakisch
Veröffentlicht: 2018
Schlagworte:
Online-Zugang:http://is.stuba.sk/zp/portal_zp.pl?podrobnosti=136325
Tags: Tag hinzufügen
Keine Tags, Fügen Sie das erste Tag hinzu!

MARC

LEADER 00000ntm a22000003a 4500
001 stuzp69816
003 SK-STU
005 20180602211334.1
007 ta
008 150427s2015----xo-----f-mn---000-0-slo-d
040 |a STU  |b slo 
041 0 |a slo 
100 1 |a Lendelová, Aneta  |u 040200  |4 aut  |U FCHPT Fakulta chemickej a potravinárskej technológie  |T FCHPT Ústav potravinárstva a výživy  |X 61525  |U C020  |Y 684  |7 61525 
242 0 1 |a Biologically active substances of Sea buckthorn and their using in cosmetics  |y eng 
245 1 0 |a Biologicky aktívne látky rakytníka rešetliakového a ich použitie v kozmetických prípravkoch 
260 |c 2018 
650 4 |a biologicky aktívne látky  |2 slo 
650 4 |a antioxidačná a antimikrobiálna aktivita  |2 slo 
650 4 |a olejové gély  |2 slo 
650 4 |a rakytník rešetliakový  |2 slo 
650 4 |a sea buckthorn  |2 eng 
650 4 |a biologically active substances  |2 eng 
650 4 |a antioxidant and antimikrobial activity  |2 eng 
650 4 |a oily gels  |2 eng 
700 1 |a Kreps, František  |u 040250  |k Z2  |4 ths  |U FCHPT Ústav potravinárstva a výživy  |T FCHPT Oddelenie potravinárskej technológie  |X 40487  |U C0250  |Y 685  |7 A000040487 
856 4 |u http://is.stuba.sk/zp/portal_zp.pl?podrobnosti=136325